[Event "Bratislava exe op"]
[Site "Bratislava"]
[Date "2023.09.23"]
[Round "9"]
[White "Kozub, Lukas"]
[Black "Dobrodenka, Tomas"]
[Result "1-0"]
[WhiteElo "1331"]
[BlackElo "1473"]
[PlyCount "53"]
[EventDate "2023.09.15"]
[EventType "swiss"]
[EventRounds "9"]
[EventCountry "SVK"]
[SourceTitle "EXT 2024"]
[Source "ChessBase"]
[SourceDate "2023.10.10"]
[SourceVersion "1"]
[SourceVersionDate "2023.10.10"]
[SourceQuality "1"]

1. e4 c5 2. c3 d5 3. e5 Nc6 4. d4 c4 5. Nf3 Bg4 6. Be2 g6 7. h3 Bxf3 8. Bxf3 Bg7 9. Qe2 e6 10. Bf4 Nge7 11. 0-0 b5 12. Bg5 a5 13. Nd2 Qb6 14. a4 bxa4 15. Bxe7 Kxe7 16. Rfb1 Rhb8 17. Rxa4 Nxd4 18. cxd4 Qxd4 19. Nxc4 Ra7 20. Rd1 Qf4 21. g3 Qf5 22. Nxa5 Rb6 23. Nc6+ Rxc6 24. Rxa7+ Kf8 25. Qb5 Rc8 26. Qd7 Re8 27. Bg4 1-0

[Event "Bratislava exe op"]
[Site "Bratislava"]
[Date "2023.09.21"]
[Round "7"]
[White "Koschel, Katharina"]
[Black "Dobrodenka, Tomas"]
[Result "1/2-1/2"]
[WhiteElo "1324"]
[BlackElo "1473"]
[PlyCount "64"]
[EventDate "2023.09.15"]
[EventType "swiss"]
[EventRounds "9"]
[EventCountry "SVK"]
[SourceTitle "EXT 2024"]
[Source "ChessBase"]
[SourceDate "2023.10.10"]
[SourceVersion "1"]
[SourceVersionDate "2023.10.10"]
[SourceQuality "1"]

1. d4 d5 2. c4 e6 3. Nc3 Bb4 4. e3 Nf6 5. Qa4+ Nc6 6. cxd5 exd5 7. Bd2 Bxc3 8. Bxc3 a6 9. Nf3 0-0 10. Bd3 Bg4 11. Qc2 Qd6 12. Ne5 Bh5 13. a3 a5 14. h3 Bg6 15. Nxg6 fxg6 16. 0-0 Rf7 17. Be2 Nd8 18. b4 b6 19. bxa5 bxa5 20. a4 Ne6 21. Rab1 c6 22. Rb6 Ne4 23. Bb5 Nd8 24. Bd2 Nxd2 25. Qxd2 Qc7 26. Ra6 Rxa6 27. Bxa6 Qb6 28. Be2 Rb7 29. Rc1 Rc7 30. Rc5 Nb7 31. Rc2 Qb3 32. Bb5 Nd8 1/2-1/2

[Event "Bratislava exe op"]
[Site "Bratislava"]
[Date "2023.09.18"]
[Round "4"]
[White "Dobrodenka, Tomas"]
[Black "Vasynda, Oleksandr"]
[Result "0-1"]
[WhiteElo "1473"]
[BlackElo "1873"]
[PlyCount "88"]
[EventDate "2023.09.15"]
[EventType "swiss"]
[EventRounds "9"]
[EventCountry "SVK"]
[SourceTitle "EXT 2024"]
[Source "ChessBase"]
[SourceDate "2023.10.10"]
[SourceVersion "1"]
[SourceVersionDate "2023.10.10"]
[SourceQuality "1"]

1. e4 c5 2. Nf3 Nc6 3. d4 cxd4 4. Nxd4 Nf6 5. Nc3 g6 6. Bc4 Bg7 7. Nf3 0-0 8. 0-0 d6 9. h3 a6 10. a4 Bd7 11. Re1 Rc8 12. Bd5 Nxd5 13. exd5 Ne5 14. Bf4 Nc4 15. Rb1 Nxb2 16. Rxb2 Bxc3 17. Ra2 Bxe1 18. Qxe1 Re8 19. Bh6 Qc7 20. Qa1 Qc3 21. Qc1 Bf5 22. Ne1 Be4 23. Ra3 Qd4 24. c3 Qxd5 25. Qb2 Qe5 26. f3 Bf5 27. Qd2 Qc5+ 28. Qd4 Qxd4+ 29. cxd4 f6 30. g4 Be6 31. h4 Rc4 32. Be3 Rec8 33. Ng2 Bd5 34. Kf2 Rc2+ 35. Kg3 R8c3 36. Ra1 Rxg2+ 37. Kxg2 Rxe3 38. Rf1 b5 39. axb5 axb5 40. Rf2 b4 41. g5 Rxf3 42. Rxf3 b3 43. gxf6 Bxf3+ 44. Kxf3 exf6 0-1

[Event "Bratislava exe op"]
[Site "Bratislava"]
[Date "2023.09.15"]
[Round "1"]
[White "Demeter, Peter"]
[Black "Dobrodenka, Tomas"]
[Result "1-0"]
[WhiteElo "2113"]
[BlackElo "1473"]
[PlyCount "55"]
[EventDate "2023.09.15"]
[EventType "swiss"]
[EventRounds "9"]
[EventCountry "SVK"]
[SourceTitle "EXT 2024"]
[Source "ChessBase"]
[SourceDate "2023.10.10"]
[SourceVersion "1"]
[SourceVersionDate "2023.10.10"]
[SourceQuality "1"]

1. c4 c5 2. Nf3 Nc6 3. g3 Nf6 4. Bg2 e6 5. 0-0 d5 6. d3 h6 7. Nc3 Bd6 8. e4 d4 9. Ne2 e5 10. a3 Bg4 11. Nh4 g5 12. Nf5 Rh7 13. f4 gxf4 14. gxf4 Qc7 15. b4 Bxf5 16. exf5 cxb4 17. axb4 Nxb4 18. fxe5 Bxe5 19. Bf4 Bxf4 20. Nxf4 Kd7 21. Qa4+ Nc6 22. Nd5 Qd8 23. Rab1 b6 24. Nb4 Rc8 25. Nxc6 Qg8 26. Qxa7+ Rc7 27. Ne5+ Kd6 28. Qxb6+ 1-0

[Event "Stare Mesto op-B"]
[Site "Stare Mesto"]
[Date "2023.08.08"]
[Round "4"]
[White "Mitacek, Martin"]
[Black "Dobrodenka, Tomas"]
[Result "1-0"]
[WhiteElo "1223"]
[BlackElo "1436"]
[PlyCount "85"]
[EventDate "2023.08.05"]
[EventType "swiss"]
[EventRounds "9"]
[EventCountry "CZE"]
[SourceTitle "EXT 2024"]
[Source "ChessBase"]
[SourceDate "2023.10.10"]
[SourceVersion "1"]
[SourceVersionDate "2023.10.10"]
[SourceQuality "1"]

1. e4 e5 2. Nf3 Nc6 3. Bb5 d6 4. 0-0 Bd7 5. c3 g6 6. d4 Bg7 7. Re1 a6 8. Ba4 Nf6 9. Bg5 h6 10. Bh4 exd4 11. Bxc6 bxc6 12. e5 dxe5 13. Nxe5 0-0 14. Nxd7 Qxd7 15. Qxd4 Qxd4 16. cxd4 Rad8 17. Na3 g5 18. Bg3 Ne8 19. Be5 f6 20. Bg3 Rxd4 21. Rad1 f5 22. Rxd4 Bxd4 23. Be5 c5 24. Nc2 Nf6 25. Nxd4 cxd4 26. Bxd4 Ne4 27. f3 Nd6 28. Rc1 Rf7 29. Rc6 Kh7 30. Rxa6 Rd7 31. Rc6 g4 32. a4 h5 33. Bc3 Nb7 34. a5 Nd8 35. Rf6 Rd5 36. a6 h4 37. Rxf5 Rd6 38. fxg4 Rxa6 39. Rh5+ Kg6 40. Rxh4 Kg5 41. Rh8 Ne6 42. h3 Nc5 43. Rh5+ 1-0

[Event "Piestany op-B"]
[Site "Piestany"]
[Date "2023.07.11"]
[Round "1"]
[White "Dobrodenka, Tomas"]
[Black "Hasala, Richard"]
[Result "0-1"]
[WhiteElo "1164"]
[BlackElo "1728"]
[PlyCount "100"]
[EventDate "2023.07.11"]
[EventType "swiss"]
[EventRounds "9"]
[EventCountry "SVK"]
[SourceTitle "EXT 2024"]
[Source "ChessBase"]
[SourceDate "2023.10.10"]
[SourceVersion "1"]
[SourceVersionDate "2023.10.10"]
[SourceQuality "1"]

1. e4 e5 2. Nf3 Nc6 3. Bc4 Bc5 4. 0-0 d6 5. Nc3 Nf6 6. d3 h6 7. Be3 Bg4 8. h3 Bh5 9. Nd5 0-0 10. c3 Na5 11. b3 c6 12. Nxf6+ Qxf6 13. d4 Nxc4 14. bxc4 Bb6 15. a4 exd4 16. cxd4 Bxf3 17. Qxf3 Bxd4 18. Qxf6 Bxf6 19. Rad1 Rfd8 20. Bd4 Bxd4 21. Rxd4 Rd7 22. Rfd1 Rad8 23. c5 d5 24. f3 Kf8 25. Kf2 Ke7 26. Kg3 b6 27. cxb6 axb6 28. Rb1 Rb8 29. a5 b5 30. Rc1 Kd6 31. Rcd1 Kc5 32. Kf4 b4 33. Ke3 Re7 34. Rc1+ Kd6 35. Rb1 c5 36. Rxd5+ Kc6 37. Kd3 Ra7 38. Rf5 Rd8+ 39. Rd5 Rxd5+ 40. exd5+ Kxd5 41. Ra1 c4+ 42. Kc2 Kc5 43. Re1 Rxa5 44. Re7 Ra2+ 45. Kb1 Rxg2 46. Rxf7 Kd4 47. Ra7 Kc3 48. Re7 Rg1+ 49. Ka2 b3+ 50. Ka3 Ra1# 0-1